000 00503nam a2200181Ia 4500
999 _c52542
_d52542
003 GCL
005 20240530105022.0
008 140319s9999 xx 000 0 ara d
040 _aGCL /
_cGCL
082 0 4 _a953
_bم ع
100 1 _aمحمد عمارة
245 1 0 _aالعرب والتحدى /
_cمحمد عمارة
260 _a[S.N] :
_bدار الشروق ،
_c1991
300 _a311 ص
650 0 4 _aالعالم العربى
650 0 4 _aالتاريخ الاسلامى
942 _2ddc
_cBK